000 00637nam a22002051a 4500
001 54014563
010 _a54014563
020 _c0.00
040 _aNEGST Library - Kenya
082 _aPE 1421.G592 1954
100 _aGowers, Ernest,
_cSir,
_d1880-1966.
245 _aThe complete Plain words /
_cby Sir Ernest Gowers
_h[Text]
260 _bPenguin Books; Harmondsworth, Middlesex
_c1948
300 _a272p. ;
600 _aEnglish language
_xStyle.
600 _aEnglish language
_xTerms and phrases.
600 _aVocabulary.
852 _910.00
852 _910.00
999 _c37093
_d37093